| 000 | 00567nam a2200193 a 4500 | ||
|---|---|---|---|
| 005 | 20231013063707.0 | ||
| 008 | 140129s2012 mx r 000 0 spa d | ||
| 020 | _a9786071711717 | ||
| 035 | _aUPN01000195377 | ||
| 049 | _aCG | ||
| 050 | 4 |
_aQ180.55 M4 _bC6.5 |
|
| 100 | 1 |
_aCortés Padilla, María Teresa _935006 |
|
| 245 | 1 | 0 |
_aMetodología de la investigación / _cMaría Teresa Cortés Padilla. |
| 260 |
_aMéxico : _bTrillas, _c2012. |
||
| 300 |
_a175 p. : _bil., tablas |
||
| 650 | 4 |
_aInvestigación _xMetodología _95209 |
|
| 905 | _aLibro | ||
| 999 |
_c167478 _d167478 |
||